LEADER 01066nam a2200265 i 4500 001 000000253166 003 CaOOAMICUS 005 20180830233053.0 008 180830s1967 it u000 u ita u 013 $a232071 040 $aSeMil$bita 100 1 $aClaudel, Paul,$d<1868-1955>.$0(OLS)http://semarc/name/849 245 12$aI giorni dell'apocalisse /$cPaul Claudel ; a cura di Pierre Claudel e Jacques Petit. 260 $aMilano :$bIPL,$ccopyr. 1967. 300 $a416 p. ;$c21 cm. 490 0 $aLe guglie : quaderni d'esplorazione spirituale 650 4$aBibbia - NT - Apocalisse.$0(OLS)http://semarc/subject/11217 700 1 $aPetit, Jacques.$0(OLS)http://semarc/name/851 700 1 $aClaudel, Pierre.$0(OLS)http://semarc/name/40257 830 3$aLe guglie.$0(OLS)http://semarc/title/439193 850 $aSeMil 852 $aSeMil$W1$xVenegono$y1$B233956$CSeMilBibl$Z2$F233956 $81 961 $aRecupero: Altro 996 $6245$aI giorni dell'apocalisse$9(OLS)http://semarc/title/234759 996 $6260$aMilano :$bIPL$9(OLS)http://semarc/publisher/30350 LEADER 01576nam a2200277 i 4500 001 000000227263 003 CaOOAMICUS 005 20230331120418.0 008 140219s1707 it u000 u ita u 026 $ag.i- e.le 0.u- i-o. (C) 1707 (A) 040 $aSeMil$bita 100 1 $aBuonanni, Filippo,$c.$0(OLS)http://semarc/name/13521 245 10$aParte seconda. Delle vergini à Dio dedicate. 260 $aIn Roma :$bNella Stamperia di Giorgio Placho intagliatore, e gettatore di caratteri alla Piazza della Chiesa,$c1707. 300 $a[118] c., 108 carte di tav. calcogr. :$bill. 500 $aFondo Bidoglio. 650 4$aMonachesimo femminile - Enciclopedie e dizionari.$0(OLS)http://semarc/subject/41187 700 1 $aPlacho, Giorgio,$c.$0(OLS)http://semarc/name/14852 773 0 $aBuonanni, Filippo $tCatalogo degli ordini religiosi della chiesa militante espressi con immagini, e spiegati con una breve narrazione, offerto ... dal P. Filippo Bonanni ... Parte 1. [-3.].$dIn Roma : Nella Stamperia di Antonio de' Rossi, alla piazza di Ceri, 1706-1710.$g2$w()29648 850 $aSeMil 852 $aSeMil$W1$xVenegono$y1$m3A III 98 FA$j177609$B177609$CSeMilBibl$Z2$F188484 $8I 941 1 $a2 961 $aLascito: Bidoglio don Maurizio 996 $6245$aParte seconda. Delle vergini à Dio dedicate$9(OLS)http://semarc/title/325294 996 $6260$aIn Roma :$bNella Stamperia di Giorgio Placho intagliatore, e gettatore di caratteri alla Piazza della Chiesa$9(OLS)http://semarc/publisher/53574 LEADER 01063nam a2200241 i 4500 001 000000110276 003 CaOOAMICUS 005 20040610000000.0 008 040610s1967 it u000 u ita u 013 $a82957 040 $aSeMil$bita 100 1 $aPiero : della Francesca,$d.$0(OLS)http://semarc/name/41741 245 10$aPiero della Francesca /$cAlberto Busignani. 260 $aFirenze :$bSadea Sansoni,$ccopyr. 1967. 300 $a39 p., 80 p. di tav. :$bill. ;$c18 cm. 490 0 $aI diamanti dell'arte : biblioteca di pittura, scultura e architettura ;$v25 600 04$aPiero : della Francesca .$0(OLS)http://semarc/subject/1748 700 1 $aBusignani, Alberto.$0(OLS)http://semarc/name/5639 830 2$aI diamanti dell'arte ;$v25.$0(OLS)http://semarc/title/15551 850 $aSeMil 852 $aSeMil$W1$xVenegono$y1$m5P I 59$j66180$B66180$CSeMilBibl$Z2$F83755 $81 996 $6245$aPiero della Francesca$9(OLS)http://semarc/title/14411 996 $6260$aFirenze :$bSadea Sansoni$9(OLS)http://semarc/publisher/33238